00335nam a2200133Ia 4500008004100000020001800041041000800059082001000067100001500077245006700092260002300159300000800182650001100190220524s9999 xx 000 0 und d a9788866131663 aeng a746.1 aMoleskine. aSilkscreen Masters - Secrets of the Words Top Screen Printers. bMoleskine.--c2017 a239 aDyeing